MyGZULibrary

The shackled continent : (Record no. 10886)

MARC details
000 -LEADER
fixed length control field 01703cam a22003734a 4500
001 - CONTROL NUMBER
control field 13599101
003 - CONTROL NUMBER IDENTIFIER
control field GZU
005 - DATE AND TIME OF LATEST TRANSACTION
control field 20230324104518.0
008 - FIXED-LENGTH DATA ELEMENTS--GENERAL INFORMATION
fixed length control field 040520s2004 dcub b 001 0 eng
010 ## - LIBRARY OF CONGRESS CONTROL NUMBER
LC control number 2004052131
020 ## - INTERNATIONAL STANDARD BOOK NUMBER
International Standard Book Number 158834214X (alk. paper)
020 ## - INTERNATIONAL STANDARD BOOK NUMBER
International Standard Book Number 9781588342140 (alk. paper)
022 ## - INTERNATIONAL STANDARD SERIAL NUMBER
International Standard Serial Number 158834214X (alk. paper)
035 ## - SYSTEM CONTROL NUMBER
System control number (OCoLC)ocm55518162
040 ## - CATALOGING SOURCE
Original cataloging agency DLC
Transcribing agency DLC
Modifying agency YDX
-- GZM
-- OCLCQ
-- OCL
-- BAKER
-- BTCTA
-- LVB
-- YDXCP
-- EXW
-- JRA
-- DLC
042 ## - AUTHENTICATION CODE
Authentication code pcc
043 ## - GEOGRAPHIC AREA CODE
Geographic area code f------
050 00 - LIBRARY OF CONGRESS CALL NUMBER
Classification number JQ1875.A55
Item number GUE 2004
082 00 - DEWEY DECIMAL CLASSIFICATION NUMBER
Classification number 960.3/2
Edition number 22
100 1# - MAIN ENTRY--PERSONAL NAME
Personal name Guest, Robert.
Relator term author
245 14 - TITLE STATEMENT
Title The shackled continent :
Remainder of title Africa's past, present and future /
Statement of responsibility, etc. Robert Guest.
260 ## - PUBLICATION, DISTRIBUTION, ETC.
Place of publication, distribution, etc. Oxford:
Name of publisher, distributor, etc. Macmillan,
Date of publication, distribution, etc. 2004.
300 ## - PHYSICAL DESCRIPTION
Extent 280 p. :
Other physical details 1 map ;
Dimensions 24 cm.
504 ## - BIBLIOGRAPHY, ETC. NOTE
Bibliography, etc. note Includes bibliographical references (p. 259-273) and index.
505 00 - FORMATTED CONTENTS NOTE
Title Introduction: Why Is Africa So Poor? --
-- The Vampire State --
-- Digging Diamonds, Digging Graves --
-- No Title --
-- Sex and Death --
-- The Son of a Snake is a Snake --
-- Fair Aid, Free Trade --
-- Of Potholes and Grasping Gendarmes --
-- Wiring the Wilderness --
-- Beyond the Rainbow Nation --
-- Conclusion: One Step at a Time.
520 ## - SUMMARY, ETC.
Summary, etc. Donated by Friends of the Library.
610 20 - SUBJECT ADDED ENTRY--CORPORATE NAME
Corporate name or jurisdiction name as entry element Continental Organization for Global Co-operation Against Poverty in Africa.
650 #0 - SUBJECT ADDED ENTRY--TOPICAL TERM
Topical term or geographic name entry element Political corruption
Geographic subdivision Africa.
651 #0 - SUBJECT ADDED ENTRY--GEOGRAPHIC NAME
Geographic name Africa
General subdivision Politics and government
Chronological subdivision 1960-
651 #0 - SUBJECT ADDED ENTRY--GEOGRAPHIC NAME
Geographic name Africa
General subdivision Social conditions
Chronological subdivision 1960-
906 ## - LOCAL DATA ELEMENT F, LDF (RLIN)
a 7
b cbc
c orignew
d 1
e ocip
f 20
g y-gencatlg
942 ## - ADDED ENTRY ELEMENTS (KOHA)
Source of classification or shelving scheme Library of Congress Classification
Koha item type Books
Classification part 1875.A55
Item part GUE 2004
Holdings
Withdrawn status Lost status Source of classification or shelving scheme Damaged status Not for loan Collection code Home library Current library Shelving location Date acquired Total Checkouts Full call number Barcode Date last seen Copy number Price effective from Koha item type
    Library of Congress Classification     Non-fiction City Campus Library City Campus Library General Stacks 03/24/2023   JQ1875.A55 2004 032705 03/24/2023 c. 1 03/24/2023 Books